Central Library OPAC University of Rajshahi
Normal view MARC view

Entry Topical Term

Number of records used in: 2

001 - CONTROL NUMBER

  • control field: 10640

003 - CONTROL NUMBER IDENTIFIER

  • control field: BD-RjUL

005 - DATE AND TIME OF LATEST TRANSACTION

  • control field: 20231221103314.0

008 - FIXED-LENGTH DATA ELEMENTS

  • fixed length control field: 231221|| aca||aabn | a|a d

040 ## - CATALOGING SOURCE

  • Original cataloging agency: BD-RjUL
  • Transcribing agency: BD-RjUL

150 ## - HEADING--TOPICAL TERM

  • Topical term or geographic name entry element: Shīʻah
  • General subdivision: Doctrines

670 ## - SOURCE DATA FOUND

  • Source citation: Work cat.: (BD-RjUL)82513: الهى قمشه‌اى، مهدى. ;; Ilāhī Qumshahʹī, Mahdī. 10639, حكمت الهى عام و خاص : بضميمۀ شرح فصوص حكيم فارابي و قسمت روانشناسى و منطق / / Ḥikmat-i ilāhī-i ʻāmm va khāṣṣ : bi-z̤amīmah-i sharḥ-i Fuṣūs-i Ḥakīm Fārābī va qismat-i ravānshināsī va manṭiq /, 1330 1951